Shoe Brands - Statistics

General Stats
  • This quiz has been taken 614 times
    599 since last reset
  • The average score is 5 of 15
Answer Stats
Hint Answer % Correct
Nike
99%
Adidas
89%
Converse
63%
Vans
50%
Reebok
47%
New Balance
43%
Under Armour
24%
Crocs
21%
Timberland
16%
Skechers
15%
Uggs
13%
DC
12%
K Swiss
8%
Etnies
4%
Rockport
2%
No matching quizzes found
Score Distribution
Percent of People with Each Score
Percentile by Number Answered
Your Score History
You have not taken this quiz since the last reset